Registi che hanno vinto più Oscar - Statistics

Statistiche generali
  • Questo quiz è stato fatto 41 volte
  • Il punteggio medio è 4 su 21
Statistiche sulle risposte
Premi Oscar Edizioni degli Oscar Regista % Corretto
2 1994 - 1999 Steven Spielberg
69%
2 1993 - 2005 Clint Eastwood
50%
2 1935 - 1937 - 1939 Frank Capra
47%
4 1938 - 1941 - 1942 - 1953 John Ford
44%
2 2015 - 2016 Alejandro González Iñárritu
38%
2 1946 - 1961 Billy Wilder
38%
2 2014 - 2019 Alfonso Cuarón
28%
3 1943 - 1947 - 1960 William Wyler
25%
2 1976 - 1985 Miloš Forman
19%
2 2006 - 2013 Ang Lee
13%
2 1948 - 1955 Elia Kazan
13%
2 1952 - 1957 George Stevens
9%
2 1950 - 1951 Joseph L. Mankiewicz
6%
2 1958 - 1963 David Lean
3%
2 1954 - 1967 Fred Zinnemann
3%
2 1929 - 1931 Lewis Milestone
3%
2 1984 - 1990 Oliver Stone
3%
2 1962 - 1966 Robert Wise
3%
2 1929 - 1932 Frank Borzage
0%
2 1930 - 1934 Frank Lloyd
0%
2 1938 - 1945 Leo McCarey
0%
Nessun quiz corrispondente trovato
Distribuzione punteggi
Percentuale di utenti per punteggio
Percentile per numero di risposta
I tuoi punteggi nel tempo
Non hai fatto questo quiz